Statystyki dla Pochodzenie piłkarzy Francji

Kliknij tutaj aby rozwiązać quiz!

Ogólne statystyki

  • Ten quiz został rozwiązany 188 razy
  • Średni wynik to 6 z 10

Statystyki odpowiedzi

PiłkarzOdpowiedź% Poprawnych
Nabil FEKIRAlgieria
89%
Samuel UMTITIKamerun
73%
Matteo GUENDOUZIMaroko
73%
Ousmane DEMBELEMali
68%
Ngolo KANTEMali
68%
Claude MAKELELEDemokratyczna republika konga
67%
Paul POGBAGwinea
63%
Presnel KIMPEMBEKongo
63%
Marcel DESAILLYGhana
60%
Alphonse AREOLAFilipiny
19%

Rozkład punktacji

Percentyl według liczby udzielonych odpowiedzi

Procent ludzi z każdym wynikiem

Twoja historia wyników

Nie rozwiązałeś tego quizu